000 00878cam a2200253 4500
008 090401t1994 xxu||||| |||| 00| 0 eng d
020 _a0632036974
035 _a(Sirsi) u37044
041 _aeng
050 _a624.08
100 _aEggleston, Brian
245 4 _aThe ICE Design and Construct Contract: a commentary.
260 _aOxford
_bBlackwell Scientific Publications
_c1994
300 _axiii,434p. ; 24cm.
350 _a45
520 _aAfter looking at the growth of design and construct contracting, the book examines the 1992 ICE Design and Construct Conditions of Contract in detail.
650 _aCIVIL ENGINEERING
650 _aDESIGN AND BUILD CONTRACTS
650 _aENGINEERING CONTRACTS
650 _aICE DESIGN AND CONSTRUCT CONDITIONS OF CONTRACT
690 _aBUILT ENVIRONMENT-BUILDING CONTRACT FORMS
942 _n0
948 _c04/03/1997
999 _c90425
_d90425